LEADER 01048nam a2200253 i 4500 001 000000233961 003 CaOOAMICUS 005 20141001000000.0 008 141001s1909 it u000 u ita u 013 $a212864 040 $aSeMil$bita 100 1 $aArduino, Marcello.$0(OLS)http://semarc/name/80255 245 10$aDiplomazia ed agenti diplomatici /$cdi Marcello Arduino. 260 $aMilano :$bUlrico Hoepli,$c1909. 300 $aXII, 269 p. ;$c16 cm. 490 0 $aManuali Hoepli ;$v384.bis-385bis 490 0 $aManuali Hoepli. Serie scientifica 650 4$aDiplomazia.$0(OLS)http://semarc/subject/37062 830 0$aManuali Hoepli ;$v384.bis-385bis.$0(OLS)http://semarc/title/7639 830 0$aManuali Hoepli. Serie scientifica.$0(OLS)http://semarc/title/12258 850 $aSeMil 852 $aSeMil$W1$xVenegono$y1$m2ZB III 35 FA$j184307$B184307$CSeMilBibl$Z2$F195288 $8I 996 $6245$aDiplomazia ed agenti diplomatici$9(OLS)http://semarc/title/333986 996 $6260$aMilano :$bUlrico Hoepli$9(OLS)http://semarc/publisher/29765 LEADER 01070nam a2200217 i 4500 001 000000026220 003 CaOOAMICUS 005 20180830125447.0 008 180830s1825 it u000 u ita u 040 $aSeMil$bita 245 10$aOsservazioni intorno ad Orazio del cavaliere Clementino Vannetti accademico fiorentino. 250 $a[Edizione II. divisa in tre volumi con aggiunta di una novella inedita dello stesso autore]. 260 $aLugano :$bPresso Francesco Veladini e Comp.,$c1825. 300 $a3 v. ;$c8°. 500 $aIndicazione di edizione dall'occhietto del. v. 1 e dalla cop. editoriale. 700 1 $aVannetti, Clementino.$0(OLS)http://semarc/name/11738 774 0 $aVannetti, Clementino$tTomo 1.$g1$w()210666 774 0 $aVannetti, Clementino$tTomo 2.$g2$w()210673 774 0 $aVannetti, Clementino$tTomo 3.$g3$w()210674 996 $6245$aOsservazioni intorno ad Orazio del cavaliere Clementino Vannetti accademico fiorentino$9(OLS)http://semarc/title/35367 996 $6260$aLugano :$bPresso Francesco Veladini e Comp.$9(OLS)http://semarc/publisher/52620